| 000 | nam a22 a 4500 | ||
|---|---|---|---|
| 999 |
_c2454 _d2454 |
||
| 005 | 20170516153118.0 | ||
| 008 | 170516b1985 xxu||||| |||| 00| 0 eng d | ||
| 020 | _a0538111909 | ||
| 040 | _aAKMAL | ||
| 082 | _a613 SOR | ||
| 090 |
_a613 _bSOR |
||
| 100 |
_aCarolee Sormunen _95084 |
||
| 245 |
_aTerminology for Allied Health Professionals / _cCarolee Sormunen |
||
| 260 |
_aOhio _bSouth-Western Publishing _c1985 |
||
| 300 |
_a569p. _ccm |
||
| 942 |
_2ddc _cBOOK |
||